Hsin hua tzu tien .

Bibliographic Details
Format: Book
Subjects:

MARC

LEADER 00000cam a2200000 7i4500
001 0000004401
005 20070822093000.0
008 021118n
020 |a 7100000424 
090 0 0 |a PL1420   |b .H7955 1992 
245 0 0 |a Hsin hua tzu tien .   |l Xinhua Zidian 
300 |a 661 p. ; ;   |c 14 cm. 
650 0 |a Chinese language   |v Dictionaries 
740 0 0 |a Xinhua zidian 
999 |a 1000020366   |b Book   |c Reference   |e Gong Badak Campus